00321nam a2200121Ia 4500008004100000020001500041041001200056100001600068245006600084260002600150300000800176650001500184221030s9999 xx 000 0 und d a8192315225 aEnglish aN. S. Gupta 0aManagement Process & Organisational Behaviourcby N. S. Gupta bGMC Pub.aDelhic2013 a702 aManagement